000
00300nam a22001337a 4500
008
170912b xxu||||| |||| 00| 0 eng d
020
_a
0122152
041
_a
eng
080
_a
53
100
_a
43
101
_a
ajshf
245
_a
the dynamical character of adsorption
_c
boer,j,h
942
_2
udc
_c
BK
999
_c
27312
_d
27312